Colombia indigena ; (Registro nro. 30820)

Detalles MARC
000 -LÍDER
campo de control de longitud fija 00629nam a22001937a 4500
005 - FECHA Y HORA DE LA ÚLTIMA
campo de control 20240820164716.0
008 - ELEMENTOS DE DATOS DE LONGITUD FIJA - INFORMACIÓN GENERAL
campo de control de longitud fija 240820b1991 ck |||||r|||| 00| 0 spa d
020 ## - NÚMERO INTERNACIONAL NORMALIZADO DEL LIBRO
Número de libro estándar internacional 9589061451
040 ## - FUENTE DE CATALOGACIÓN
Agencia de catalogación original CO-JMCR
Agencia de transcripción CO-JMCR
Agencia modificadora CO-JMCR
Convenciones de descripción rda
041 ## - CÓDIGO DE IDIOMA
Código de idioma del texto/pista de sonido o título independiente spa
082 ## - NÚMERO DE CLASIFICACIÓN DECIMAL DEWEY
Número de clasificación 305.84
Número de artículo G87c
100 ## - ENTRADA PRINCIPAL - NOMBRE PERSONAL
Término relativo autor
Nombre personal Gross , Christian,
9 (RLIN) 43824
245 ## - DECLARACIÓN DEL TÍTULO
Título Colombia indigena ;
Resto del título Identidad cultural y cambio social :
Declaración de responsabilidad, etc. Christian Gross.
260 ## - PUBLICACIÓN, DISTRIBUCIÓN, ETC.
Lugar de publicación, distribución, etc. Bogotá :
Nombre del editor, distribuidor, etc. Cerec ,
Fecha de publicación, distribución, etc. 1991
300 ## - DESCRIPCIÓN FÍSICA
Medida 335 páginas ;
Dimensiones 21 cm.
650 14 - ENTRADA AÑADIDA DE ASUNTO - TÉRMINO TEMÁTICO
Fuente del encabezado o término JMCR
-- Cultura indigena
Subdivisión geográfica Colombia
9 (RLIN) 43825
650 24 - ENTRADA AÑADIDA DE ASUNTO - TÉRMINO TEMÁTICO
Fuente del encabezado o término JMCR
-- Situación social indigena
Subdivisión geográfica Colombia
9 (RLIN) 43826
942 ## - ELEMENTOS DE ENTRADA AÑADIDOS (KOHA)
Source of classification or shelving scheme Dewey Decimal Classification
Tipo de artículo Koha Books
999 ## -
-- 30820
-- 17204
Existencias
Estado retirado